Sports Quiz

Random Sports or Basketball Quiz

NBA 25,000 Point Scorers by Photo Quiz Stats

 Plays Quiz Updated Dec 24, 2018

Score 0/22 Timer 05:00
58 Plays Today
Points Player % Correct
32,292Michael Jordan
98.8%
33,643Kobe Bryant
98.5%
31,949*LeBron James
97.4%
28,596Shaquille O'Neal
97.1%
38,387Kareem Abdul-Jabbar
95.9%
31,198*Dirk Nowitzki
92.7%
36,928Karl Malone
92.2%
26,496Tim Duncan
91.3%
31,419Wilt Chamberlain
90%
26,397Paul Pierce
89.8%
26,071Kevin Garnett
89.2%
Points Player % Correct
25,551*Carmelo Anthony
88.5%
25,079*Vince Carter
87.1%
25,279Reggie Miller
85.7%
25,192Jerry West
84.4%
27,409Moses Malone
74.7%
26,668Dominique Wilkins
72.9%
26,946Hakeem Olajuwon
70.2%
26,710Oscar Robertson
67.5%
26,395John Havlicek
55.6%
25,613Alex English
42.3%
27,313Elvin Hayes
40%

You're not logged in!

Compare scores with friends on all Sporcle quizzes.
OR
Log In

You Might Also Like...

Show Comments

Extras

Top Quizzes Today


Score Distribution

Your Account Isn't Verified!

In order to create a playlist on Sporcle, you need to verify the email address you used during registration. Go to your Sporcle Settings to finish the process.

Report this User

Report this user for behavior that violates our Community Guidelines.

Details: